00473nam a2200193Ia 4500008004100000020001800041050001700059050001700076100001800093245003000111245001700141260001600158260001900174260000900193300001600202300001100218300001100229650003900240160901s9999 xx 000 0 und d a81-7573-792-1 aComSc Z 52.5 b.M52G44 2004 aGhei, Gaurav. aLearn all about MS Word / cGaurav Ghei. aNew Delhi : bTiny Tot Pub., c2004 a159 pages : bill. ; c15 cm. aMicrosoft Word (Computer program).